Welcome to CU Library Online Public Access Catalogue (OPAC)

The Ghana Law Report 1965 (Record no. 6799)

MARC details
000 -LEADER
fixed length control field 00437nam a22001697a 4500
003 - CONTROL NUMBER IDENTIFIER
control field OSt
005 - DATE AND TIME OF LATEST TRANSACTION
control field 20250630211820.0
008 - FIXED-LENGTH DATA ELEMENTS--GENERAL INFORMATION
fixed length control field 250630b |||||||| |||| 00| 0 eng d
040 ## - CATALOGING SOURCE
Language of cataloging DLC
Transcribing agency DLC
050 ## - LIBRARY OF CONGRESS CALL NUMBER
Classification number GLR65
Item number K528.G4 1965
110 ## - MAIN ENTRY--CORPORATE NAME
Corporate name or jurisdiction name as entry element Ghana Law Report
245 ## - TITLE STATEMENT
Title The Ghana Law Report 1965
260 ## - PUBLICATION, DISTRIBUTION, ETC.
Place of publication, distribution, etc. Accra, Ghana ;
Name of publisher, distributor, etc. Presbyterian Press
Date of publication, distribution, etc. c2015
300 ## - PHYSICAL DESCRIPTION
Extent xxix, 773 pages
490 ## - SERIES STATEMENT
Materials specified Ghana Law Report
942 ## - ADDED ENTRY ELEMENTS (KOHA)
Source of classification or shelving scheme Library of Congress Classification
Koha item type Books
Suppress in OPAC No
Holdings
Withdrawn status Lost status Source of classification or shelving scheme Damaged status Not for loan Collection Home library Current library Shelving location Date acquired Total checkouts Full call number Barcode Date last seen Copy number Price effective from Koha item type
    Library of Congress Classification     Non-fiction Law Library (Christ Temple) Law Library (Christ Temple) General stacks 06/30/2025   GRL65K528.G4 GHA LLCT00000822 06/30/2025 1 06/30/2025 Books
© 2023-2024 Copyright: Central University Libraries. All Rights Reserved | Created by: Mahone Tech Office